Tribunals and Government (Record no. 29195)

MARC details
000 -LEADER
fixed length control field 00278nam a2200109Ia 4500
082 ## - DEWEY DECIMAL CLASSIFICATION NUMBER
Classification number 347.99
Item number FAR
100 ## - MAIN ENTRY--AUTHOR NAME
Personal name FARMER, J A
245 #0 - TITLE STATEMENT
Title Tribunals and Government
260 ## - PUBLICATION, DISTRIBUTION, ETC. (IMPRINT)
Place of publication London
Name of publisher Weidenfeld and Nicolson
Year of publication 1974
942 ## - ADDED ENTRY ELEMENTS (KOHA)
Koha item type Books
Holdings
Withdrawn status Lost status Damaged status Not for loan Home library Current library Date acquired Full call number Accession Number Koha item type
        RRII Library RRII Library 16/12/2021 347.99 FAR 09785 Books